000 00313cam a2200133ua 4500
041 _aeng
_h
082 _a823.301
_bMAU/BI
100 _aMaurier, Daphne Du .
245 _aBird and other stories /
_cDaphne Du Maurier.
_hTextual Documents
300 _a239 ; .
504 _a
942 _cBK
999 _c6679
_d6679